=LDR 00000nam 2200000 4500 =001 INLIS000000000809929 =005 20260414013347 =035 ##$$a 0010-0925000054 =008 260414###########################0#ind## =245 1#$$a Renungan Bermakna Saat Musibah Melanda =260 ##$$a Makasar :$b Pustaka Assunnah =084 ##$$a 297.57 DZU r =020 ##$$a 9793913606 =082 ##$$a 297.57 =100 #$$a Dzulqarnain M Sanusi